000 01220nam0a22002891 4500
001 rc\474813
005 20030616172620.5
035 _a(NLR Aleph) 005718083
090 _a7448992
_c7448992
100 _a20030616d1988 u |0rusy50 ca
101 0 _arus
102 _aRU
105 _aa |||||||||
200 1 _aО размерах областей магнитного упорядочения в концентрированных спиновых системах со случайным конкурирующим взаимодействием
_fВ.П. Коптев, С.В. Малеев, Н.А. Тарасов
210 _aЛ.
_cЛИЯФ
_d1988
215 _a7 с.
_cграф.
_d20
225 1 _aПрепринт
_fАН СССР, Ленингр. ин-т ядер. физики им. Б.П. Константинова
_v№ 1379
300 _aРез. на англ. яз.
320 _aБиблиогр.: с. 7
700 1 _aКоптев
_bВ. П.
_gВладимир Петрович
701 1 _aМалеев
_bС. В.
701 1 _aТарасов
_bН. А.
_gНиколай Алексеевич
801 0 _aRU
_bNLR
_gpsbo
801 1 _aRU
_bELAR
_2rusmarc
852 _aNLR
_j88-4/27163
942 _cBOOK
980 _aNB